[Event "Lille Luce op 6th"]
[Site "Lille"]
[Date "2015.05.04"]
[Round "1"]
[White "Chaignet, Lucas"]
[Black "Mangani, Jean Pierre"]
[Result "1-0"]
[WhiteElo "1758"]
[BlackElo "1463"]
[PlyCount "125"]
[EventDate "2015.05.04"]
[EventType "swiss"]
[EventRounds "9"]
[EventCountry "FRA"]
[SourceTitle "EXT 2017"]
[Source "ChessBase"]
[SourceDate "2016.10.25"]
[SourceVersion "1"]
[SourceVersionDate "2016.10.25"]
[SourceQuality "1"]

1. e4 e5 2. Nf3 Nc6 3. Nc3 Nf6 4. d4 Nxd4 5. Nxd4 exd4 6. Qxd4 d6 7. Bg5 Be7 8. 0-0-0 0-0 9. Bc4 Be6 10. Rhe1 Nh5 11. Bxe7 Qxe7 12. Kb1 Qf6 13. Bd5 Qxd4 14. Rxd4 c6 15. Bb3 Rad8 16. Red1 Bxb3 17. axb3 f5 18. Rxd6 Rxd6 19. Rxd6 fxe4 20. Nxe4 Nf4 21. g3 Nd5 22. Rd7 Rf7 23. Rxf7 Kxf7 24. Nd6+ Ke7 25. Nxb7 Nf6 26. Kc1 Ng4 27. Kd2 Nxf2 28. Ke2 Ng4 29. h3 Nf6 30. Kf3 Ne8 31. Na5 Kd7 32. Nc4 Nc7 33. Ke4 Ke7 34. c3 Ne6 35. Ke3 Nc5 36. b4 Na4 37. Kd4 Ke6 38. b3 Nb6 39. Ne5 Kd6 40. Nf7+ Ke7 41. Ng5 h6 42. Ne4 Kd7 43. c4 Ke6 44. g4 Kd7 45. Ng3 g6 46. h4 Ke6 47. Ne4 Nd7 48. Nc5+ Kd6 49. Nxd7 Kxd7 50. Kc5 Kc7 51. b5 cxb5 52. Kxb5 h5 53. gxh5 gxh5 54. c5 Kb7 55. c6+ Kc7 56. Kc5 Kc8 57. b4 Kc7 58. b5 Kc8 59. Kd6 Kd8 60. c7+ Kc8 61. Kc6 a5 62. b6 a4 63. b7# 1-0

[Event "Cap d'Agde CCAS op"]
[Site "Cap d'Agde"]
[Date "2010.10.23"]
[Round "1"]
[White "Mangani, Jean Pierre"]
[Black "Morand, Esther"]
[Result "1-0"]
[WhiteElo "1491"]
[BlackElo "1760"]
[PlyCount "67"]
[EventDate "2010.10.23"]
[EventType "swiss"]
[EventRounds "7"]
[EventCountry "FRA"]
[SourceTitle "EXT 2012"]
[Source "ChessBase"]
[SourceDate "2011.11.24"]
[SourceVersion "1"]
[SourceVersionDate "2011.11.24"]
[SourceQuality "1"]

1. e4 d6 2. d4 Nf6 3. Nc3 Nbd7 4. Nf3 e5 5. Bc4 Be7 6. 0-0 0-0 7. Re1 c6 8. d5 Qc7 9. Qd3 Re8 10. Bg5 Nf8 11. Rad1 Ng6 12. g3 Bg4 13. Re3 h6 14. Bxf6 Bxf6 15. dxc6 Qxc6 16. Bb5 Qb6 17. Bxe8 Rxe8 18. Nd5 Qd8 19. Nxf6+ Qxf6 20. Qxd6 Qxd6 21. Rxd6 Ne7 22. Red3 Nc6 23. c3 Na5 24. Rd8 Kf8 25. Rxe8+ Kxe8 26. Nxe5 Be6 27. b4 Nc4 28. Nxc4 Bxc4 29. Re3 Ba6 30. e5 Ke7 31. f4 Ke6 32. Kf2 g5 33. Kf3 Kf5 34. g4+ 1-0

[Event "Montpellier op 4th"]
[Site "Montpellier"]
[Date "2009.??.??"]
[Round "2"]
[White "Volpiliere, Henri"]
[Black "Mangani, Jean Pierre"]
[Result "0-1"]
[WhiteElo "1665"]
[BlackElo "1498"]
[PlyCount "60"]
[EventDate "2009.12.26"]
[EventType "swiss"]
[EventRounds "9"]
[EventCountry "FRA"]
[SourceTitle "CBM 134 Extra"]
[Source "ChessBase"]
[SourceDate "2010.03.03"]
[SourceVersion "1"]
[SourceVersionDate "2010.03.03"]
[SourceQuality "1"]

1. e4 e5 2. f4 exf4 3. Nf3 h6 4. Bc4 d6 5. b3 Be7 6. Bb2 Bh4+ 7. Kf1 Bf6 8. e5 dxe5 9. Bxe5 Be6 10. Qe2 Nc6 11. Na3 Nxe5 12. Nxe5 Qd4 13. Re1 0-0-0 14. Bxe6+ fxe6 15. Nf7 f3 16. Qxf3 Rf8 17. Nxh8 Be7 18. Nf7 Bxa3 19. Ke2 Nf6 20. c3 Qc5 21. d4 Qb5+ 22. c4 Qa5 23. Ne5 Nd5 24. Qg3 Nf4+ 25. Kd1 g5 26. c5 Bb4 27. Ref1 Qxa2 28. Qe3 Rd8 29. Nf3 Qb1+ 30. Qc1 Rxd4+ 0-1